| 000 | 00395nam a22001697a 4500 | ||
|---|---|---|---|
| 008 | 220713b ||||| |||| 00| 0 eng d | ||
| 020 | _a9789387957664 | ||
| 082 |
_a331 _bARI |
||
| 100 | _aArora Sushma | ||
| 245 |
_aIndustrial Laws _cBy Sushma Arora |
||
| 260 |
_aIndia _bCBCS Pub. _c2018 |
||
| 300 | _a243p. | ||
| 650 | _aECONOMICS | ||
| 700 | _aArora Raman | ||
| 942 | _cBK | ||
| 999 |
_c45233 _d45233 |
||
| 041 | _aeng | ||